| 000 | 00935nam a2200205 a 4500 | ||
|---|---|---|---|
| 008 | 080109s1980 ||||||||||||||||| || u | ||
| 020 | _a0070994560 | ||
| 050 | _aHD 47 Lyn | ||
| 100 | _aLynch, Richard M | ||
| 245 | 1 | 0 | _aAccounting for Management: planning and control. (2nd ed.) |
| 250 | _a2nd ed. | ||
| 260 |
_aNew Delhi: _bTata McGraw-Hill _c1980 |
||
| 300 | _axi, 509p. : ill. | ||
| 350 | _a0.00 | ||
| 650 | 0 | _aMANAGEMENT | |
| 650 | 0 | _aMANAGERIAL ACCOUNTING | |
| 995 |
_aMAIN LIBRARY OPEN ACCESS _D0.00 _e706365 _FCBU-MAIN LIBRARY (Kitwe) _H1 _I0.00 _jHD 47 Lyn _M1 _UAVAILABLE _y003525 _ZMain Library Open Access Collection |
||
| 995 |
_aBINDERY (DAMAGED) _D0.00 _e709123 _FCBU-MAIN LIBRARY (Kitwe) _H1 _I24.75 _jHD 47 Lyn _M3 _UDAMAGED _y709123 _ZMain Library Open Access Collection |
||
| 995 |
_aMAIN LIBRARY OPEN ACCESS _D0.00 _e715180 _FCBU-MAIN LIBRARY (Kitwe) _H2 _I0.00 _jHD 47 Lyn _M2 _UAVAILABLE _y003526 _ZMain Library Open Access Collection |
||
| 999 |
_c75599 _d75599 |
||